00431nam a22001097a 4500999001900000100002700019245006700046260004900113300000900162942001200171952013800183 c534946d534946 aProf. Dr. Parveen Shah aINTELLIGENCE IN SOCIAL SCIENCES & ARTScProf. Dr. Parveen Shah aKhairpurbShah Abdul Latif University c2015 a144p 2ddccBK 00102ddc406158_370000000000000_PAR709497218aCLbCLd2020-08-24l1o158.37 PARpCL-D-958r2024-01-22s2022-08-25w2020-08-24yBK